Fixační materiály z mycelia hub

Alternatívou k využívaniu klasických plastov v obalovom priemysle sú bioplasty. Jedným zo zaujímavých zdrojov pre ich výrobu sú huby (mushroom packaging). Využitie tohto typu obalov nabytkárskym reťazcom Ikea a využíva ich aj Dell. Technológia výroby. Vlastnosti "hubovej" fixácie. Ekologický materiá...

Descrizione completa

Salvato in:
Dettagli Bibliografici
Autore principale: Vítek, Miloslav
Natura: Capitolo di libro
Lingua:ceco
Soggetti:
Tags: Aggiungi Tag
Nessun Tag, puoi essere il primo ad aggiungerne!!

MARC

LEADER 00000naa a2200000 4500
001 0220232
005 20221104111653.9
041 0 |a cze 
044 |a CZ 
245 1 0 |a Fixační materiály z mycelia hub  |c Miloslav Vítek 
520 |a Alternatívou k využívaniu klasických plastov v obalovom priemysle sú bioplasty. Jedným zo zaujímavých zdrojov pre ich výrobu sú huby (mushroom packaging). Využitie tohto typu obalov nabytkárskym reťazcom Ikea a využíva ich aj Dell. Technológia výroby. Vlastnosti "hubovej" fixácie. Ekologický materiál. Negatíva unikátnej technológie. Problematická pleseň. 
610 2 0 |a obaly 
610 2 0 |a balenie 
610 2 0 |a ekológia 
610 2 0 |a plasty 
610 2 0 |a bioprodukty 
100 1 |a Vítek, Miloslav